Sports Quiz

Random Sports or Baseball Quiz
Score 0/25 Timer 05:00
0 Plays Today
% Correct
Mark McGwire
96.7%
Tony La Russa
95.7%
David Eckstein
85.9%
Vince Coleman
84.8%
Keith Hernandez
83.7%
Edgar Renteria
72.8%
Rick Ankiel
71.7%
Bob Forsch
69.6%
Jose Oquendo
66.3%
Ken Boyer
65.2%
Enos Slaughter
65.2%
Terry Pendleton
63%
John Tudor
60.9%
% Correct
Pedro Guerrero
58.7%
Todd Worrell
56.5%
Fernando Vina
53.3%
Bob Uecker
50%
Dane Iorg
47.8%
Jamie Quirk
47.8%
Pat Neshek
44.6%
J.D. Drew
42.4%
Julian Javier
38%
Adam Kennedy
33.7%
Esteban Yan
29.3%
Chris Zachary
15.2%
Remove Ads.
Support Sporcle.
Get the best of Sporcle when you Go Orange. This ad-free experience offers more features, more stats, and more fun while also helping to support Sporcle. Thank you for becoming a member.

You're not logged in!

Compare scores with friends on all Sporcle quizzes.
OR
Log In

Show Comments

Extras

Top Quizzes Today


Score Distribution

Your Account Isn't Verified!

In order to create a playlist on Sporcle, you need to verify the email address you used during registration. Go to your Sporcle Settings to finish the process.

Report this User

Report this user for behavior that violates our Community Guidelines.

Details: